00534nam a22002057a 450000500170000001000110001702000100002803500110003803700160004904000120006508200160007710000160009324500510010926000440016027000310020430000200023550000230025565000270027865000230030520170124110057.0 a763849 c00.00 a763849 bCen Lib/Ret aDPLbEN a954.94bDAY aDayan, Yael aA soldier's diary sinai 1967 /cby Yael Dayan  aLondon bWeidenfeld and Nicolson c1968 a5 winsley street bLondon  a127p.c21cm(Hb) aIncludes appendix  aHistory yIsrail-Arab  aWar - Israil-Arab